Statistics for Oscar Actress to Movie

Click here to take the quiz!

General Stats

  • This quiz has been taken 14,279 times
  • The average score is 11 of 20

Answer Stats

ActressYearMovie% Correct
Natalie Portman2010Black Swan
90%
Jodie Foster1991The Silence of the Lambs
79%
Hilary Swank2004Million Dollar Baby
72%
Julia Roberts2000Erin Brockovich
70%
Vivien Leigh1939Gone With the Wind
67%
Julie Andrews1964Mary Poppins
66%
Jennifer Lawrence2012Silver Linings Playbook
65%
Kathy Bates1990Misery
63%
Gwyneth Paltrow1998Shakespeare in Love
63%
Helen Mirren2006The Queen
62%
Halle Berry2001Monster's Ball
61%
Sandra Bullock2009The Blind Side
61%
Frances McDormand1996Fargo
56%
Reese Witherspoon2005Walk the Line
54%
Jessica Tandy1989Driving Miss Daisy
46%
Helen Hunt1997As Good as It Gets
42%
Nicole Kidman2002The Hours
36%
Sissy Spacek1980Coal Miner's Daughter
35%
Sally Field1979Norma Rae
26%
Vivien Leigh1951A Streetcar Named Desire
25%

Score Distribution

Percentile by Number Answered

Percent of People with Each Score

Your Score History

You have not taken this quiz